000
00323nam a2200133Ia 4500
008
240624s9999 xx 000 0 und d
041
_a
eng
082
_a
823 MIC
100
_a
MICHAELS FERN
245
_a
DESPERATE MEASURES
260
_c
1996
_a
New York
_b
Ballantine Books
300
_a
440 : p. : cm. ; 17
365
_c
_b
20
999
_c
13777
_d
13777